Geografía de la república argentina : parte física(daus) /

Guardado en:
Autor Principal: Daus, Federico A.
Formato: Libro
Publicado: Buenos Aires : Estrada, 1962
Edición:15a. ed.
Etiquetas: Agregar Etiqueta
Sin Etiquetas, Sea el primero en etiquetar este registro!
LEADER 00620nam a22001815a 4500
001 CEM.cems008742
005 20060214000000.0
008 130507s1962##################000#0#####d
003 CEMS
082 0 4 |a 918.2 
100 1 |a Daus, Federico A. 
245 1 0 |a Geografía de la república argentina :  |b parte física(daus) / 
250 |a 15a. ed. 
260 |a Buenos Aires :  |b Estrada,  |c 1962 
300 |a 377 p.1 
859 |a CEMS  |b BIB. CEMS - 11 de abril  |h 918.2  |i D268a15/I  |p 1744.74  |t Ej.1 
859 |a CEMS  |b BIB. CEMS - 11 de abril  |h 918.2  |i D268a15/I  |p 2227.74  |t Ej.3 
859 |a CEMS  |b BIB. CEMS - 11 de abril  |h 918.2  |i D268a15/I  |p 2394.75  |t Ej.2